MARC details
| 000 -LÍDER |
| campo de controle de tamanho fixo |
01795nam a2200349 4500 |
| 001 - NÚMERO DE CONTROLE |
| campo de controle |
395 |
| 003 - IDENTIFICADOR DO NÚMERO DE CONTROLE |
| campo de controle |
OSt |
| 005 - DATA E HORÁRIO DA ÚLTIMA TRANSAÇÃO |
| campo de controle |
20250414160803.0 |
| 008 - CAMPO DE DADOS FIXOS--INFORMAÇÃO GERAL |
| campo de controle de tamanho fixo |
250414b |||||||e |||| 00| 0 eng d |
| 020 ## - ISBN - INTERNATIONAL STANDARD BOOK NUMBER |
| ISBN - International Standard Book Number |
8522102600 |
| 040 ## - FONTE DA CATALOGAÇÃO |
| Idioma da catalogação |
por |
| 041 ## - CÓDIGO DE IDIOMA |
| Código do idioma do original e/ou traduções intermediárias do texto |
por |
| Código do idioma do texto/trilha sonora ou título diferente |
eng |
| 082 ## - CDD - CLASSIFICAÇÃO DECIMAL DE DEWEY |
| Número de Classificação |
150.7 |
| Número do exemplar |
N994t |
| 100 1# - ENTRADA PRINCIPAL--NOME PESSOAL |
| Nome pessoal |
Nye, Robert D., |
| Datas associadas ao nome |
1934- |
| 9 (RLIN) |
838 |
| 240 ## - TÍTULO UNIFORME |
| Título uniforme |
Three psychologies : perspectives from Freud, Skinner, and Rogers |
| 245 ## - TÍTULO |
| Título |
Três Psicologias : |
| Restante do título |
Ideias de Freud, Skinner e Rogers / |
| Indicação de responsabilidade, etc. |
Nye, Robert D. ; Tradução de Robert Brian Taylor |
| 250 ## - EDIÇÃO |
| Declaração de edição |
6 ° edição |
| 260 ## - PUBLICAÇÃO, DISTRIBUIÇÃO, ETC. |
| Local de publicação, distribuição, etc. |
São Paulo |
| Nome do editor, distribuidor, etc. |
Pioneira Thomson Learning |
| Data da publicação, distribuição, etc. |
2002 |
| 300 ## - DESCRIÇÃO FÍSICA |
| Extensão |
195 p. |
| 520 ## - NOTA DE RESUMO, ETC. |
| Resumo, etc. |
As principais idéias de Freud, Skinner e Rogers têm estado há décadas conosco, sem no entanto envelhecer. Ainda atraem a atenção, causam debate, estimulam pesquisas, críticas e louvor. Na verdade, a abordagem psicanalítica de Freud, o behaviorismo radical de Skinner e os pontos de vista humanistas de Rogers constituem três psicologias diferentes. De forma simples e objetiva, este livro apresenta e compara as principais idéias de três homens que contribuíram imensamente para o pensamento psicológico contemporâneo. Estudantes, professores e profissionais encontrarão nesta obra farto material para auxiliar na compreensão e reflexão sobre o comportamento humano.<br/><br/> |
| 650 #0 - ASSUNTO--TERMO TÓPICO |
| Cabeçalho tópico ou nome geográfico |
Psicologia |
| 9 (RLIN) |
831 |
| 650 #0 - ASSUNTO--TERMO TÓPICO |
| Cabeçalho tópico ou nome geográfico |
Psicologia Comportamental |
| 9 (RLIN) |
868 |
| 650 #0 - ASSUNTO--TERMO TÓPICO |
| Cabeçalho tópico ou nome geográfico |
Psicologia Humanística |
| 9 (RLIN) |
869 |
| 650 #0 - ASSUNTO--TERMO TÓPICO |
| Cabeçalho tópico ou nome geográfico |
Psicanálise |
| 9 (RLIN) |
839 |
| 650 #0 - ASSUNTO--TERMO TÓPICO |
| Cabeçalho tópico ou nome geográfico |
Freud, Sigmund – Teorias |
| 9 (RLIN) |
840 |
| 650 #0 - ASSUNTO--TERMO TÓPICO |
| Cabeçalho tópico ou nome geográfico |
Skinner, B. F. – Teorias |
| 9 (RLIN) |
841 |
| 650 #0 - ASSUNTO--TERMO TÓPICO |
| Cabeçalho tópico ou nome geográfico |
Rogers, Carl – Teorias |
| 9 (RLIN) |
842 |
| 655 #0 - TERMO DE ÍNDICE--GÊNERO E FORMA |
| Gênero/forma/ou termo foco |
Não Ficção |
| 655 #0 - TERMO DE ÍNDICE--GÊNERO E FORMA |
| Gênero/forma/ou termo foco |
Técnico-científico |
| 700 ## - ENTRADA ADICIONADA - NOME PESSOAL |
| Nome pessoal |
Robert Brian Taylor |
| 9 (RLIN) |
843 |
| Função do autor por extenso |
TRADUTOR |
| 942 ## - ELEMENTOS DE ENTRADA ADICIONADOS (KOHA) |
| Fonte de classificação ou esquema de arquivamento |
Classificação decimal de Dewey |
| Ocultar no OPAC |
Não |
| Tipo de material Koha |
Livros |